000 01078nam a2200277 a 4500
001 ebr10551868
003 CaPaEBR
006 m u
007 cr cn|||||||||
008 120420s2011 enkab s 000 0 eng d
020 _z9781841505886
020 _z9781841505909 (e-book)
040 _aCaPaEBR
_cCaPaEBR
035 _a(OCoLC)794489815
043 _an-us-nv
050 1 4 _aPN1995.67.N3
_bW67 2011eb
245 0 0 _aWorld film locations
_h[electronic resource] :
_bLas Vegas /
_cedited by Marceline Block.
260 _aBristol, U.K. :
_bIntellect,
_c2011.
300 _a128 p. :
_bill. (some col.), col. maps.
533 _aElectronic reproduction.
_bPalo Alto, Calif. :
_cebrary,
_d2011.
_nAvailable via World Wide Web.
_nAccess may be limited to ebrary affiliated libraries.
650 0 _aMotion pictures
_zNevada
_zLas Vegas.
655 7 _aElectronic books.
_2local
700 1 _aBlock, Marcelline.
710 2 _aebrary, Inc.
856 4 0 _uhttp://site.ebrary.com/lib/rucke/Doc?id=10551868
_zAn electronic book accessible through the World Wide Web; click to view
999 _c92346
_d92346